[Event "Pere Noel"]
[Site "Montreal CAN"]
[Date "2018.12.28"]
[Round "3.3"]
[White "Rodrigue-Lemieux, Shawn"]
[Black "Zheng, Richard"]
[Result "1-0"]
[WhiteElo "2363"]
[BlackElo "2052"]
[PlyCount "123"]
[EventDate "2018.12.26"]
[EventType "swiss"]
[EventRounds "5"]
[EventCountry "CAN"]

1. e4 e5 2. Nf3 Nc6 3. Bc4 Bc5 4. c3 Nf6 5. d3 d6 6. a4 a5 7. Nbd2 O-O 8. O-O
h6 9. h3 Be6 10. Re1 Qd7 11. Qe2 Rfe8 12. Bb5 Bxh3 13. gxh3 Qxh3 14. Bxc6 bxc6
15. Qf1 Qg3+ 16. Kh1 Qxf2 17. Qxf2 Bxf2 18. Rf1 Bb6 19. Nc4 Ng4 20. Nxb6 cxb6
21. Nh2 Nxh2 22. Kxh2 c5 23. Be3 Re7 24. Rf3 f6 25. Rg1 Kh7 26. Kg3 Rb8 27. b4
Ra7 28. Rb1 axb4 29. cxb4 Rxa4 30. bxc5 dxc5 31. Bxc5 b5 32. Rf2 b4 33. Kf3 Rb5
34. Rc2 b3 35. Rc3 b2 36. Rc2 Rb3 37. Ke2 Ra5 38. Be3 Rab5 39. Bd2 g5 40. Bc3
Kg6 41. Kd2 Rc5 42. Bd4 Ra5 43. Rcxb2 Rxb2+ 44. Bxb2 Rb5 45. Kc2 h5 46. Rf1 h4
47. d4 exd4 48. Bxd4 f5 49. e5 f4 50. e6 Rb8 51. e7 Kf5 52. Kd3 h3 53. Ke2 Ke4
54. Kf2 Kxd4 55. Rd1+ Kc5 56. Rd8 Rb2+ 57. Kg1 Re2 58. e8=Q Rxe8 59. Rxe8 Kd4
60. Rg8 Ke3 61. Rxg5 f3 62. Rh5 1-0

[Event "Pere Noel"]
[Site "Montreal CAN"]
[Date "2018.12.29"]
[Round "4.2"]
[White "Ouellet, Maili-Jade"]
[Black "Rodrigue-Lemieux, Shawn"]
[Result "0-1"]
[WhiteElo "2247"]
[BlackElo "2363"]
[PlyCount "186"]
[EventDate "2018.12.26"]
[EventType "swiss"]
[EventRounds "5"]
[EventCountry "CAN"]

1. d4 Nf6 2. c4 e6 3. Nf3 d5 4. g3 Be7 5. Bg2 O-O 6. O-O dxc4 7. Ne5 Nc6 8.
Bxc6 bxc6 9. Nxc6 Qe8 10. Nxe7+ Qxe7 11. Qa4 e5 12. dxe5 Qxe5 13. Qxc4 Re8 14.
Nc3 Qh5 15. f3 c5 16. Rd1 Be6 17. Qf4 h6 18. b3 Rab8 19. Ba3 c4 20. Bd6 Rbc8
21. b4 Red8 22. Rd4 Qg6 23. Rad1 Nh5 24. Qh4 Nf6 25. Bc5 Re8 26. Nb5 Rc6 27.
Nd6 Rb8 28. Nxc4 Qc2 29. Qf4 Ra8 30. Ne5 Ra6 31. R4d2 Qc3 32. Kf2 Rxa2 33. Rxa2
Bxa2 34. Nd7 Nxd7 35. Rxd7 a5 36. Rc7 Re8 37. Be7 Qa3 38. Ra7 a4 39. Qe4 Be6
40. b5 Qc1 41. Rxa4 Bh3 42. Rc4 Qf1+ 43. Ke3 Be6 44. Rc7 Rxe7 45. Rxe7 Qc1+ 46.
Kd4 Qc4+ 47. Ke3 Qc5+ 48. Qd4 Qxe7 49. Kf2 Qd7 50. Qc5 Bd5 51. b6 Bb7 52. Qb4
Qd5 53. Kg2 h5 54. Kf2 g6 55. Kg2 Kg7 56. Qb2+ Kf8 57. Qb4+ Ke8 58. Qa4+ Kd8
59. Qa7 Kc8 60. Qa4 Qe6 61. Qc2+ Qc6 62. Qb3 Qd5 63. Qa4 Qe6 64. Qc2+ Bc6 65.
Kf2 Kb7 66. Qc5 Qd5 67. Qe3 Qd8 68. Kg2 Qe8 69. Qf2 Qe5 70. e4 Qa5 71. Qd4 Qxb6
72. Qf6 Qc7 73. Qb2+ Kc8 74. Qh8+ Qd8 75. Qc3 Qd6 76. Qc4 Qd2+ 77. Kg1 Qd7 78.
Qc5 Kd8 79. Qf8+ Kc7 80. Qc5 Qd1+ 81. Kf2 Qd2+ 82. Kg1 Qe1+ 83. Kg2 Qe2+ 84.
Kg1 Qxf3 85. Qa7+ Kc8 86. Qa6+ Bb7 87. Qc4+ Kb8 88. Qb4 Qe3+ 89. Kf1 Qxe4 90.
Qd6+ Ka7 91. Qc5+ Ka6 92. Qa3+ Kb5 93. Qb3+ Qb4 0-1

[Event "Pere Noel"]
[Site "Montreal CAN"]
[Date "2018.12.30"]
[Round "5.1"]
[White "Yu, Zong Yang"]
[Black "Rodrigue-Lemieux, Shawn"]
[Result "0-1"]
[WhiteElo "2454"]
[BlackElo "2363"]
[PlyCount "110"]
[EventDate "2018.12.26"]
[EventType "swiss"]
[EventRounds "5"]
[EventCountry "CAN"]

1. Nf3 Nf6 2. c4 e6 3. g3 b6 4. Bg2 Bb7 5. Nc3 Be7 6. d4 O-O 7. Qc2 c5 8. dxc5
bxc5 9. O-O d6 10. Rd1 a6 11. Bf4 Qc7 12. Rd2 Nc6 13. Rad1 Rfd8 14. Qb1 h6 15.
Ne1 Rab8 16. b3 g5 17. Be3 Ng4 18. Nc2 Nb4 19. Bf3 Nxc2 20. Qxc2 Bxf3 21. exf3
Ne5 22. Kg2 f5 23. f4 Qb7+ 24. Nd5 exd5 25. Rxd5 Ng4 26. Qxf5 Nxe3+ 27. fxe3
Kg7 28. h4 gxh4 29. Qg4+ Kh8 30. Qh5 Bf8 31. Qxh4 Re8 32. Kf2 Qe7 33. Qxe7 Bxe7
34. e4 a5 35. Kf3 a4 36. bxa4 Bf8 37. e5 dxe5 38. Rxe5 Rec8 39. Rd7 Ra8 40. g4
Rxa4 41. g5 Rxc4 42. g6 Rc1 43. Kg2 Rc2+ 44. Kf3 Rxa2 45. Rf5 Ra3+ 46. Kg4 Kg8
47. Rff7 Ra1 48. f5 Rg1+ 49. Kf3 Ra8 50. Rc7 h5 51. Ke4 Re8+ 52. Kd5 Rg5 53.
Kc4 h4 54. Rh7 Re4+ 55. Kb5 Rf4 0-1

[Event "RA December op"]
[Site "Ottawa CAN"]
[Date "2018.12.07"]
[Round "1"]
[White "Xu, Daniel"]
[Black "Rodrigue-Lemieux, Shawn"]
[Result "1/2-1/2"]
[WhiteElo "2088"]
[BlackElo "2352"]
[PlyCount "57"]
[EventDate "2018.12.07"]
[EventType "swiss"]
[EventRounds "5"]
[EventCountry "CAN"]

1. d4 Nf6 2. c4 e6 3. Nf3 Bb4+ 4. Bd2 a5 5. a3 Bxd2+ 6. Nbxd2 d6 7. e3 O-O 8.
Bd3 Qe7 9. Ne4 Nbd7 10. O-O b6 11. Nxf6+ Nxf6 12. Qc2 Bb7 13. Ng5 h6 14. Nh7
Rfd8 15. Nxf6+ Qxf6 16. Bh7+ Kh8 17. Be4 Bxe4 18. Qxe4 c5 19. Rfd1 d5 20. cxd5
exd5 21. Qe5 Qxe5 22. dxe5 Ra7 23. Rd3 Re7 24. f4 g5 25. g3 Kg7 26. Rad1 Red7
27. Rb3 Rb7 28. Rbd3 Rbd7 29. Rb3 1/2-1/2

[Event "RA December op"]
[Site "Ottawa CAN"]
[Date "2018.12.08"]
[Round "2"]
[White "Rodrigue-Lemieux, Shawn"]
[Black "Gordon, David"]
[Result "1-0"]
[WhiteElo "2352"]
[BlackElo "2310"]
[PlyCount "113"]
[EventDate "2018.12.07"]
[EventType "swiss"]
[EventRounds "5"]
[EventCountry "CAN"]

1. e4 c5 2. Nf3 Nc6 3. g3 Nf6 4. d3 d5 5. Nbd2 e5 6. Bg2 Be7 7. O-O O-O 8. exd5
Nxd5 9. Nc4 f6 10. Re1 Be6 11. Nh4 Qd7 12. Be4 f5 13. Bg2 Bxh4 14. gxh4 e4 15.
dxe4 Ndb4 16. Na3 Qf7 17. exf5 Bxf5 18. Be3 Rad8 19. Qe2 Nxc2 20. Nxc2 Bd3 21.
Qg4 Bxc2 22. Bxc5 Rfe8 23. Qg5 h6 24. Qg3 Rd3 25. Qg4 Ne5 26. Qb4 Nf3+ 27. Bxf3
Rxe1+ 28. Rxe1 Qxf3 29. Qc4+ Kh7 30. Be3 Qc6 31. Qxc6 bxc6 32. Bxa7 Rd1 33.
Rxd1 Bxd1 34. Kf1 Kg6 35. Bd4 Kf7 36. Ke1 Bg4 37. Kd2 g6 38. Kc3 Ke6 39. h5
Bxh5 40. Bg7 Kd5 41. Bxh6 Kc5 42. a4 Be2 43. Bf4 Bf1 44. Bc7 Be2 45. b4+ Kd5
46. Kd2 Bc4 47. Ke3 Ba6 48. Kf4 Bd3 49. Bb6 Ke6 50. Kg5 Kf7 51. a5 Kg7 52. h4
Bb5 53. f4 Bd3 54. Be3 Kf7 55. f5 Bxf5 56. h5 Kg7 57. h6+ 1-0

[Event "RA December op"]
[Site "Ottawa CAN"]
[Date "2018.12.08"]
[Round "3"]
[White "Dukic, Zachary"]
[Black "Rodrigue-Lemieux, Shawn"]
[Result "1-0"]
[WhiteElo "2331"]
[BlackElo "2352"]
[PlyCount "63"]
[EventDate "2018.12.07"]
[EventType "swiss"]
[EventRounds "5"]
[EventCountry "CAN"]

1. e4 c6 2. d4 d5 3. Nd2 dxe4 4. Nxe4 Nf6 5. Nxf6+ exf6 6. c3 Bd6 7. Bd3 O-O 8.
Ne2 Re8 9. Qc2 g6 10. h4 Nd7 11. h5 Nf8 12. Bh6 Be6 13. O-O-O f5 14. f3 a5 15.
g4 fxg4 16. fxg4 Bd5 17. Rhf1 Qh4 18. Nf4 Bxf4+ 19. Bxf4 Qxg4 20. hxg6 hxg6 21.
Be5 Rxe5 22. dxe5 Qg5+ 23. Kb1 Qxe5 24. Rfe1 Qf6 25. Be4 Be6 26. Qd2 Re8 27.
Bc2 Nh7 28. Qh2 Ng5 29. Qc7 Nf3 30. Re4 Bxa2+ 31. Kxa2 Rxe4 32. Qc8+ 1-0

[Event "RA December op"]
[Site "Ottawa CAN"]
[Date "2018.12.09"]
[Round "4"]
[White "Rodrigue-Lemieux, Shawn"]
[Black "Mahdjoubi, Abdelaziz"]
[Result "1-0"]
[WhiteElo "2352"]
[BlackElo "1776"]
[PlyCount "113"]
[EventDate "2018.12.07"]
[EventType "swiss"]
[EventRounds "5"]
[EventCountry "CAN"]

1. d3 d6 2. g3 g6 3. Bg2 Bg7 4. e4 Nc6 5. Ne2 b6 6. O-O Bb7 7. c3 e5 8. f4 Qe7
9. a4 h5 10. f5 h4 11. g4 h3 12. Bf3 gxf5 13. gxf5 Bh6 14. Kh1 Bxc1 15. Qxc1
Nf6 16. b4 Kd7 17. Na3 Rag8 18. Nc4 Nh5 19. b5 Nd8 20. Rg1 Qh4 21. Qe3 f6 22.
a5 Nf7 23. axb6 axb6 24. Ra7 Rxg1+ 25. Nxg1 Rb8 26. Bxh5 Qxh5 27. Qxh3 Qxh3 28.
Nxh3 d5 29. exd5 Bxd5+ 30. Kg1 Bxc4 31. dxc4 Nd6 32. Nf2 Nxf5 33. Ne4 Rc8 34.
Nxf6+ Kd6 35. Ne4+ Ke6 36. Kf2 Nd6 37. Nd2 Rf8+ 38. Ke2 Rf7 39. Nf3 Kf5 40. Ra8
Nxc4 41. Rh8 Nd6 42. Rh5+ Kg4 43. Rg5+ Kf4 44. Rxe5 Rf5 45. Rxf5+ Kxf5 46. Kd3
Nxb5 47. Nd4+ Nxd4 48. Kxd4 c6 49. h4 Kg4 50. Ke5 Kxh4 51. Kd6 c5 52. Kc6 Kg5
53. Kxb6 Kf6 54. Kxc5 Ke7 55. c4 Kd8 56. Kd6 Kc8 57. c5 1-0

[Event "Contrecoeur-A"]
[Site "Contrecoeur CAN"]
[Date "2018.11.02"]
[Round "1.3"]
[White "Rodrigue-Lemieux, Shawn"]
[Black "Tanaka, Tyler"]
[Result "1/2-1/2"]
[WhiteElo "2314"]
[BlackElo "2156"]
[PlyCount "94"]
[EventDate "2018.11.02"]
[EventType "swiss"]
[EventRounds "5"]
[EventCountry "CAN"]

1. Na3 e5 2. c3 Nc6 3. g3 Nf6 4. Bg2 d5 5. d3 Be7 6. Nf3 h6 7. O-O O-O 8. Qc2
Bf5 9. Rd1 Bh7 10. c4 d4 11. Qa4 Nd7 12. Bd2 Nc5 13. Qc2 a5 14. Nb5 f5 15. b3
e4 16. Ne1 exd3 17. Nxd3 Nxd3 18. exd3 f4 19. Bxf4 Nb4 20. Qe2 c6 21. Nc7 Rxf4
22. Ne6 Rxf2 23. Qg4 Rf7 24. Nxd8 Rxd8 25. Rf1 Bf6 26. Be4 Bxe4 27. Qxe4 Nc2
28. Rab1 Ne3 29. Rf3 Re7 30. Qg6 Rd6 31. Re1 Re5 32. h4 Re7 33. g4 Rde6 34. Re2
Bxh4 35. Qh5 g5 36. a3 Kg7 37. Kh1 c5 38. Kg1 Rb6 39. Rb2 Rbe6 40. b4 axb4 41.
axb4 Nd1 42. Rd2 Re1+ 43. Rf1 Rxf1+ 44. Kxf1 Ne3+ 45. Kg1 cxb4 46. Rb2 Rf7 47.
Rxb4 Rf1+ 1/2-1/2

[Event "Contrecoeur-A"]
[Site "Contrecoeur CAN"]
[Date "2018.11.03"]
[Round "2.2"]
[White "Zheng, Richard"]
[Black "Rodrigue-Lemieux, Shawn"]
[Result "0-1"]
[WhiteElo "2020"]
[BlackElo "2314"]
[PlyCount "76"]
[EventDate "2018.11.02"]
[EventType "swiss"]
[EventRounds "5"]
[EventCountry "CAN"]

1. e4 c6 2. d4 d5 3. exd5 cxd5 4. Bd3 Nc6 5. c3 Qc7 6. Ne2 Bg4 7. f3 Bd7 8. O-O
Nf6 9. Bf4 e5 10. dxe5 Nxe5 11. Bxe5 Qxe5 12. Re1 O-O-O 13. Nd4 Qc7 14. Nd2 Kb8
15. Nf1 h5 16. Qd2 h4 17. b4 Rc8 18. Ne2 Nh5 19. a4 g6 20. a5 Bg7 21. Ra3 Bh6
22. Qb2 Rce8 23. Raa1 Qe5 24. Nd4 Qg5 25. b5 Nf4 26. Red1 Re2 27. Qxe2 Nxe2+
28. Nxe2 Bh3 29. g3 Bxf1 30. Kxf1 Qe3 31. Ng1 hxg3 32. hxg3 Bf4 33. Ra2 Rh1 34.
Kg2 Bxg3 35. Kxh1 Qh6+ 36. Nh3 Qxh3+ 37. Kg1 Bd6 38. Re2 Bc5+ 0-1

[Event "Contrecoeur-A"]
[Site "Contrecoeur CAN"]
[Date "2018.11.04"]
[Round "4.2"]
[White "Falardeau, Bruno"]
[Black "Rodrigue-Lemieux, Shawn"]
[Result "0-1"]
[WhiteElo "2050"]
[BlackElo "2314"]
[PlyCount "22"]
[EventDate "2018.11.02"]
[EventType "swiss"]
[EventRounds "5"]
[EventCountry "CAN"]

1. e4 c6 2. d4 d5 3. Nc3 dxe4 4. Nxe4 Nf6 5. Ng3 h5 6. Bc4 h4 7. Nf1 Bg4 8. f3
Bh5 9. Bg5 Bg6 10. Ne2 e6 11. Nf4 Qa5+ 0-1

[Event "Mercredi 2018.10.10 ABCD"]
[Site "Montreal CAN"]
[Date "2018.10.10"]
[Round "1"]
[White "Lopez Linares, Lizandro"]
[Black "Rodrigue-Lemieux, Shawn"]
[Result "1/2-1/2"]
[WhiteElo "2239"]
[BlackElo "2331"]
[PlyCount "90"]
[EventDate "2018.10.10"]
[EventType "tourn"]
[EventRounds "5"]
[EventCountry "CAN"]

1. d4 Nf6 2. Nf3 e6 3. c4 d5 4. Nc3 Bb4 5. Qb3 c5 6. dxc5 Nc6 7. e3 O-O 8. Be2
Bxc5 9. O-O dxc4 10. Qxc4 Qe7 11. e4 Nd7 12. Bf4 f6 13. Na4 Bb4 14. a3 Ba5 15.
Rad1 Nce5 16. Nxe5 Nxe5 17. Bxe5 fxe5 18. Bg4 a6 19. Nc5 Re8 20. b4 Bd8 21. Rc1
Qf6 22. Rfd1 Kh8 23. g3 Rf8 24. Rc2 Bb6 25. Rd6 Ba7 26. Kg2 Qe7 27. Rd3 Re8 28.
Rcd2 b6 29. Nxa6 b5 30. Qxb5 Bxa6 31. Qxa6 Be3 32. Qxa8 Rxa8 33. Rxe3 h5 34.
Bf3 h4 35. Red3 Qg5 36. Rc2 Qh6 37. Bg4 Qg6 38. f3 Qf6 39. Rcd2 Qh6 40. gxh4
Rxa3 41. h5 Rxd3 42. Rxd3 Qc1 43. Rd8+ Kh7 44. h4 Qb2+ 45. Kh3 Qb1 1/2-1/2

[Event "Mercredi 2018.10.10 ABCD"]
[Site "Montreal CAN"]
[Date "2018.10.17"]
[Round "2"]
[White "Rodrigue-Lemieux, Shawn"]
[Black "Tremblay, Alain"]
[Result "1-0"]
[WhiteElo "2321"]
[BlackElo "2122"]
[PlyCount "57"]
[EventDate "2018.10.10"]
[EventType "tourn"]
[EventRounds "5"]
[EventCountry "CAN"]

1. e4 e5 2. Nf3 Nf6 3. Nxe5 d6 4. Nf3 Nxe4 5. Nc3 Nxc3 6. dxc3 Be7 7. Bf4 Nc6
8. Qd2 Be6 9. O-O-O Qd7 10. Kb1 O-O 11. h4 Bg4 12. Bd3 f6 13. Rde1 Ne5 14. Nh2
Rae8 15. Nxg4 Qxg4 16. f3 Qc8 17. Bxe5 fxe5 18. Qe3 Qe6 19. Qe4 Qh6 20. Qxb7 a5
21. Qxc7 Bd8 22. Qc6 Re7 23. Rd1 Kh8 24. Be4 Bc7 25. g4 Qe3 26. h5 Rb8 27. h6
g6 28. Rd3 Qa7 29. Rhd1 1-0

[Event "Mercredi 2018.10.10 ABCD"]
[Site "Montreal CAN"]
[Date "2018.10.24"]
[Round "3"]
[White "Nikulich, Oleksandr"]
[Black "Rodrigue-Lemieux, Shawn"]
[Result "0-1"]
[WhiteElo "2081"]
[BlackElo "2321"]
[PlyCount "108"]
[EventDate "2018.10.10"]
[EventType "tourn"]
[EventRounds "5"]
[EventCountry "CAN"]

1. e4 c6 2. d4 d5 3. exd5 cxd5 4. c4 Nf6 5. Nc3 Nc6 6. Nf3 e6 7. cxd5 Nxd5 8.
Bd3 Bb4 9. Bd2 O-O 10. O-O Be7 11. a3 Bf6 12. Bc1 g6 13. Bh6 Re8 14. Be4 Nce7
15. Qd2 Nf5 16. Nxd5 exd5 17. Bxf5 Bxf5 18. Bg5 Bxg5 19. Nxg5 f6 20. Nf3 Bg4
21. Rfe1 Bxf3 22. gxf3 Qd6 23. Re3 Rxe3 24. Qxe3 Kg7 25. Re1 Rf8 26. Qe6 Qd8
27. Qe7+ Qxe7 28. Rxe7+ Rf7 29. Re8 Rd7 30. Kf1 Kf7 31. Rc8 Ke6 32. Ke2 Kf5 33.
Rf8 Kg5 34. Kf1 f5 35. Kg2 Kf4 36. h4 a6 37. Rf6 g5 38. h5 Rg7 39. h6 Rd7 40.
Rf8 Rd6 41. Rf7 Rxh6 42. Rxb7 g4 43. fxg4 fxg4 44. Re7 Rh3 45. Re5 Rb3 46. Rxd5
g3 47. Rd6 Rxb2 48. Rxa6 Rxf2+ 49. Kg1 h5 50. Rf6+ Ke3 51. Rg6 h4 52. Rh6 Rc2
53. d5 h3 54. Rxh3 Kf3 0-1

[Event "Mercredi 2018.10.10 ABCD"]
[Site "Montreal CAN"]
[Date "2018.10.31"]
[Round "4"]
[White "Rodrigue-Lemieux, Shawn"]
[Black "Pomerantz, Daniel"]
[Result "1-0"]
[WhiteElo "2321"]
[BlackElo "2128"]
[PlyCount "89"]
[EventDate "2018.10.10"]
[EventType "tourn"]
[EventRounds "5"]
[EventCountry "CAN"]

1. e4 c5 2. Nf3 e6 3. d3 Nc6 4. g3 g6 5. Bg2 Bg7 6. O-O Nge7 7. Re1 O-O 8. h4
h5 9. c3 e5 10. a3 d6 11. Be3 Bg4 12. b4 cxb4 13. axb4 d5 14. b5 d4 15. Bg5 Nb8
16. cxd4 exd4 17. Nbd2 Nd7 18. Qb3 Nc5 19. Qa3 b6 20. Nc4 f6 21. Bf4 a6 22. Bd6
Re8 23. Bxc5 bxc5 24. bxa6 Qc7 25. Nfd2 Ra7 26. Nb3 Rc8 27. Rec1 Bh6 28. Rc2 f5
29. Nb2 f4 30. Rxc5 Qd8 31. Rxc8 Bxc8 32. Qc5 Rxa6 33. Qc4+ Be6 34. Qxa6 Bxb3
35. Qb7 Be6 36. Ra8 Nc8 37. Qc6 Kf7 38. Nc4 fxg3 39. fxg3 Be3+ 40. Kh1 Qf6 41.
Rxc8 Bxc8 42. Nd6+ Kg8 43. Qxc8+ Kh7 44. Qb7+ Kh8 45. e5 1-0

[Event "Mercredi 2018.10.10 ABCD"]
[Site "Montreal CAN"]
[Date "2018.11.07"]
[Round "5"]
[White "Broday, Gabriel Renan"]
[Black "Rodrigue-Lemieux, Shawn"]
[Result "1/2-1/2"]
[WhiteElo "2070"]
[BlackElo "2321"]
[PlyCount "44"]
[EventDate "2018.10.10"]
[EventType "tourn"]
[EventRounds "5"]
[EventCountry "CAN"]

1. e4 c6 2. d4 d5 3. Nd2 dxe4 4. Nxe4 Nf6 5. Ng5 h6 6. N5f3 Bf5 7. Bd3 Nbd7 8.
Ne2 e6 9. Bf4 Nh5 10. Bxf5 Nxf4 11. Nxf4 Qa5+ 12. Qd2 Qxf5 13. Nd3 Bd6 14. O-O
O-O 15. Rfe1 Rfd8 16. Qe2 Rac8 17. c3 c5 18. dxc5 Bxc5 19. Rad1 Bb6 20. g3 Nf6
21. Kg2 g5 22. h3 a6 1/2-1/2

[Event "Varennes op"]
[Site "Varennes CAN"]
[Date "2018.10.05"]
[Round "1.10"]
[White "Robichaud, Louis"]
[Black "Rodrigue-Lemieux, Shawn"]
[Result "1-0"]
[WhiteElo "2119"]
[BlackElo "2327"]
[PlyCount "69"]
[EventDate "2018.10.05"]
[EventType "swiss"]
[EventRounds "5"]
[EventCountry "CAN"]

1. e4 c6 2. d3 d5 3. Nd2 e5 4. Ngf3 Bd6 5. g3 Ne7 6. Bg2 O-O 7. O-O Nd7 8. exd5
cxd5 9. c4 Nc5 10. cxd5 Nxd3 11. Nc4 e4 12. Ng5 f5 13. Bxe4 Nxc1 14. Bg2 Nxa2
15. Rxa2 Qc7 16. b3 b5 17. Nxd6 Qxd6 18. Re1 Bd7 19. Ne6 Rf6 20. Qa1 a6 21. b4
Qxb4 22. d6 Re8 23. Nc7 Qxd6 24. Nxe8 Bxe8 25. Rae2 Rf7 26. Qa2 Kf8 27. Bd5 h6
28. Bxf7 Bxf7 29. Qc2 Qc6 30. Qb1 Nd5 31. Qxf5 g6 32. Qe5 Kg8 33. Rd1 a5 34.
Red2 Nc7 35. Rd6 1-0

[Event "Varennes op"]
[Site "Varennes CAN"]
[Date "2018.10.06"]
[Round "2.13"]
[White "Rodrigue-Lemieux, Shawn"]
[Black "Durette, Francis"]
[Result "1-0"]
[WhiteElo "2327"]
[BlackElo "2076"]
[PlyCount "47"]
[EventDate "2018.10.05"]
[EventType "swiss"]
[EventRounds "5"]
[EventCountry "CAN"]

1. e4 b6 2. d4 Bb7 3. Bd3 e6 4. c3 d5 5. e5 c5 6. Ne2 Nc6 7. a3 Nge7 8. O-O Qd7
9. b4 a5 10. b5 Na7 11. a4 Nf5 12. Nf4 g6 13. Bxf5 exf5 14. e6 fxe6 15. Nxe6
Be7 16. Re1 Kf7 17. Nd2 Bf6 18. dxc5 bxc5 19. Nb3 Bxc3 20. Nbxc5 Qc8 21. Nxb7
Qxb7 22. Nc5 Qc7 23. Qxd5+ Kf6 24. Nd7+ 1-0

[Event "Varennes op"]
[Site "Varennes CAN"]
[Date "2018.10.06"]
[Round "3.7"]
[White "Bernatchez, Dan"]
[Black "Rodrigue-Lemieux, Shawn"]
[Result "1/2-1/2"]
[WhiteElo "1974"]
[BlackElo "2327"]
[PlyCount "111"]
[EventDate "2018.10.05"]
[EventType "swiss"]
[EventRounds "5"]
[EventCountry "CAN"]

1. d4 Nf6 2. g3 d5 3. Bg2 e6 4. Nf3 Be7 5. c4 O-O 6. O-O dxc4 7. Qc2 a6 8. Qxc4
b5 9. Qc2 Bb7 10. Bf4 Nd5 11. Rd1 Nd7 12. Ne5 Nxe5 13. Bxe5 Rc8 14. Nc3 Nb4 15.
Qb3 Bxg2 16. Kxg2 Nc6 17. Rac1 Na5 18. Qc2 Nc4 19. b3 Nb6 20. Qe4 c6 21. Qg4
Bg5 22. Ne4 Bh6 23. Bf6 Qd7 24. Rc5 Nd5 25. Qh4 Rfe8 26. Bg5 Bxg5 27. Nxg5 h6
28. Nf3 f6 29. Rdc1 a5 30. a3 Ne7 31. Qe4 Red8 32. Qc2 Ra8 33. e4 Kf7 34. Qc3
g5 35. h3 Rg8 36. a4 b4 37. Qc4 g4 38. Nh4 gxh3+ 39. Kxh3 Kf8 40. Kg2 Rg4 41.
f3 Rg5 42. f4 Rg8 43. Nf3 Rd8 44. Rh1 Rg6 45. Kf2 Ra8 46. Rhh5 Kg7 47. Rxa5 Rf8
48. Qc5 Rf7 49. Ra7 Qe8 50. Qxb4 Kh7 51. Rha5 Rfg7 52. Rb7 Rxg3 53. Rxe7 Rxf3+
54. Kxf3 Rxe7 55. Qc5 f5 56. Ke3 1/2-1/2

[Event "Varennes op"]
[Site "Varennes CAN"]
[Date "2018.10.07"]
[Round "4.10"]
[White "Rodrigue-Lemieux, Shawn"]
[Black "Chabot, Roland"]
[Result "1/2-1/2"]
[WhiteElo "2327"]
[BlackElo "2153"]
[PlyCount "53"]
[EventDate "2018.10.05"]
[EventType "swiss"]
[EventRounds "5"]
[EventCountry "CAN"]

1. e4 c5 2. Nf3 e6 3. d3 Nc6 4. g3 d5 5. Nbd2 Nf6 6. Bg2 g6 7. O-O Bg7 8. exd5
Nxd5 9. Ne4 b6 10. h4 O-O 11. h5 a5 12. Bg5 f6 13. Bd2 Ra7 14. hxg6 hxg6 15.
Re1 a4 16. a3 e5 17. Nc3 Nde7 18. Nb5 Rd7 19. Nh4 Nd4 20. Nxd4 Rxd4 21. Be3 Rd7
22. Be4 f5 23. Bg2 Bf6 24. Bh6 Re8 25. Nf3 Nc6 26. Qc1 Bb7 27. Bg5 1/2-1/2

[Event "Varennes op"]
[Site "Varennes CAN"]
[Date "2018.10.07"]
[Round "5.9"]
[White "Tanaka, Tyler"]
[Black "Rodrigue-Lemieux, Shawn"]
[Result "0-1"]
[WhiteElo "2161"]
[BlackElo "2327"]
[PlyCount "88"]
[EventDate "2018.10.05"]
[EventType "swiss"]
[EventRounds "5"]
[EventCountry "CAN"]

1. e4 e5 2. Nf3 Nc6 3. Nc3 Nf6 4. Bb5 Be7 5. d3 d6 6. Ne2 a6 7. Bxc6+ bxc6 8.
Ng3 O-O 9. O-O Re8 10. Re1 Bf8 11. h3 g6 12. Bg5 h6 13. Bd2 Rb8 14. b3 Bg7 15.
Bc3 c5 16. Nd2 Be6 17. Nc4 h5 18. Bd2 h4 19. Nf1 Nh5 20. Nfe3 Nf4 21. Qf3 f5
22. exf5 gxf5 23. Kh2 Bh6 24. g3 e4 25. Qd1 hxg3+ 26. fxg3 Kh7 27. gxf4 Bxf4+
28. Kg1 Rg8+ 29. Ng2 Rxg2+ 30. Kxg2 Qg5+ 31. Kh1 Bd5 32. dxe4 Rg8 33. Qf3 fxe4
34. Rxe4 Qg3 35. Qh5+ Kg7 36. Bc3+ Qxc3 37. Rg1+ Kf6 38. Qh4+ Bg5 39. Rf1+ Kg6
40. Qg4 Kh6 41. Kh2 Bxe4 42. Qxe4 d5 43. Qe6+ Rg6 44. Qxd5 Bf4+ 0-1

[Event "Ligue elite du dimanche - S9"]
[Site "Montreal CAN"]
[Date "2018.10.14"]
[Round "2"]
[White "Rodrigue-Lemieux, Shawn"]
[Black "Beaulieu, Eric"]
[Result "1-0"]
[WhiteElo "2314"]
[BlackElo "2255"]
[PlyCount "73"]
[EventDate "2018.09.23"]
[EventType "team"]
[EventRounds "5"]
[EventCountry "CAN"]
[WhiteTeam "Shredders"]
[BlackTeam "KingKongFou"]

1. e4 c5 2. Nf3 e6 3. g3 Nc6 4. Bg2 Nf6 5. d3 d5 6. Nbd2 g6 7. O-O Bg7 8. exd5
Nxd5 9. Ne4 b6 10. h4 h6 11. Re1 O-O 12. Bd2 Bb7 13. Qc1 Kh7 14. h5 g5 15. a3
f6 16. Rb1 Rc8 17. c4 Nde7 18. b4 cxb4 19. axb4 Qxd3 20. Re3 Qd7 21. b5 Nb8 22.
Bb4 a5 23. bxa6 Nxa6 24. Bxe7 Qxe7 25. Rxb6 Bxe4 26. Rxa6 f5 27. Nd2 Bxg2 28.
Rexe6 Qb7 29. Rab6 Qa8 30. Ra6 Qb7 31. Reb6 Qf7 32. Kxg2 Qxh5 33. Rb7 Rf7 34.
Raa7 Rxb7 35. Rxb7 Qg6 36. Qb1 g4 37. Rxg7+ 1-0

[Event "Ligue elite du dimanche - S9"]
[Site "Montreal CAN"]
[Date "2018.10.21"]
[Round "3"]
[White "Masse, Hugues"]
[Black "Rodrigue-Lemieux, Shawn"]
[Result "0-1"]
[WhiteElo "2268"]
[BlackElo "2314"]
[PlyCount "114"]
[EventDate "2018.09.23"]
[EventType "team"]
[EventRounds "5"]
[EventCountry "CAN"]
[WhiteTeam "FunkyChess"]
[BlackTeam "Shredders"]

1. e4 c5 2. Nf3 d6 3. d4 cxd4 4. Nxd4 Nf6 5. Nc3 Nc6 6. Bg5 e6 7. Qd2 a6 8.
O-O-O Bd7 9. f3 Rc8 10. Nxc6 Bxc6 11. Ne2 Be7 12. Nd4 O-O 13. Be3 d5 14. e5 Nd7
15. f4 Nc5 16. Kb1 Ne4 17. Qe1 Qc7 18. Bd3 Ba4 19. Bxe4 dxe4 20. b3 Bd7 21. Bc1
Bc6 22. Bb2 b5 23. Nxc6 Qxc6 24. Qe2 a5 25. g4 a4 26. f5 a3 27. Bd4 Bc5 28. c4
e3 29. Qxe3 Bxd4 30. Qxd4 bxc4 31. bxc4 Qb7+ 32. Ka1 Rxc4 33. Qd2 Rxg4 34. f6
Rg2 35. Qd4 h6 36. Rb1 Qf3 37. Rhg1 g6 38. Rxg2 Qxg2 39. h4 h5 40. Qd6 Ra8 41.
Qc7 Qd5 42. Qc3 Kh7 43. Re1 Ra4 44. Rc1 Qe4 45. Qc7 Qd4+ 46. Rc3 Qg1+ 47. Rc1
Qd4+ 48. Rc3 Ra7 49. Qc5 Qxh4 50. Rc1 Qf4 51. Re1 Ra5 52. Qc3 h4 53. Kb1 Ra4
54. Rd1 Qb4+ 55. Kc2 Qe4+ 56. Kb3 Ra8 57. Rd4 Qb1+ 0-1

[Event "Ligue elite du dimanche - S9"]
[Site "Montreal CAN"]
[Date "2018.11.18"]
[Round "4"]
[White "Rodrigue-Lemieux, Shawn"]
[Black "Huang, Qiuyu"]
[Result "1/2-1/2"]
[WhiteElo "2326"]
[BlackElo "2236"]
[PlyCount "45"]
[EventDate "2018.09.23"]
[EventType "team"]
[EventRounds "5"]
[EventCountry "CAN"]
[WhiteTeam "Shredders"]
[BlackTeam "L33la"]

1. a3 d5 2. c4 e6 3. cxd5 exd5 4. d4 Nf6 5. Nc3 c6 6. Qc2 Be7 7. Nf3 O-O 8. Bg5
Nbd7 9. e3 h6 10. Bxf6 Nxf6 11. Bd3 Re8 12. O-O Bd6 13. Rfe1 Bg4 14. Nd2 Nh5
15. Bh7+ Kh8 16. Bf5 Qg5 17. Bxg4 Qxg4 18. Qd1 Qg6 19. Nf1 Re6 20. b4 a6 21.
Qb1 f5 22. Na4 Rf8 23. Nc5 1/2-1/2

[Event "Wch-U20"]
[Site "Manavgat TUR"]
[Date "2018.09.05"]
[Round "1.41"]
[White "Rodrigue-Lemieux, Shawn"]
[Black "Tutisani, Noe"]
[Result "1/2-1/2"]
[WhiteElo "2250"]
[BlackElo "2471"]
[PlyCount "58"]
[EventDate "2018.09.05"]
[EventType "swiss"]
[EventRounds "11"]
[EventCountry "TUR"]
[Source "ChessMix"]
[SourceDate "2018.09.20"]

1. Nf3 g6 2. d4 Bg7 3. Bg5 Nf6 4. Nbd2 d5 5. e3 O-O 6. Bd3 c5 7. c3 Nc6 8. O-O
cxd4 9. exd4 Bf5 10. Bxf5 gxf5 11. Bxf6 Bxf6 12. Qe2 Qd6 13. Rfe1 Bg7 14. Ne5
Rae8 15. Ndf3 e6 16. Rad1 Ne7 17. Qb5 Rb8 18. Qe2 b5 19. Nd3 a5 20. a3 Nc8 21.
Nc5 Nb6 22. b3 Nd7 23. b4 Nf6 24. Nd2 Bh6 25. bxa5 Bxd2 26. Qxd2 Kh8 27. f3 Nd7
28. Qh6 Nxc5 29. Qf6+ Kg8 1/2-1/2